Anteproyecto de la nueva constitución
Guardado en:
| Autor Corporativo: | |
|---|---|
| Formato: | Libro |
| Lenguaje: | español |
| Publicado: |
Valparaíso
Secretaría Regional Ministerial de Gobierno V Región
1979
|
| Materias: | |
| Etiquetas: |
Agregar Etiqueta
Sin Etiquetas, Sea el primero en etiquetar este registro!
|
MARC
| LEADER | 00000nam a2200000 a 4500 | ||
|---|---|---|---|
| 001 | UCT9787 | ||
| 003 | CL-VaPUC | ||
| 008 | 970411e19790301CL |||||||||||||||||spa|d | ||
| 082 | 0 | 4 | |a 342.83 |b SEC |2 21 |
| 110 | 2 | |a Secretaría Regional Ministerial de Gobierno V Región |e author |9 382805 | |
| 245 | 1 | 0 | |a Anteproyecto de la nueva constitución |
| 300 | |a 121 p | ||
| 942 | |c BK | ||
| 945 | |d 19970411 00:00:00 |a paguirre | ||
| 260 | |a Valparaíso |b Secretaría Regional Ministerial de Gobierno V Región |c 1979 | ||
| 600 | 0 | 7 | |a CONSTITUCION POLITICA DE 1980 |2 CL-VaPUC |9 255131 |
| 650 | 0 | |a Derecho constitucional |9 222588 | |
| 650 | 0 | |a Ciudadanía |9 258339 | |
| 650 | 0 | |a Nacionalidad |9 357571 | |
| 650 | 0 | |a Derechos civiles y políticos |9 338684 | |
| 650 | 0 | |a Poder ejecutivo |9 255177 | |
| 650 | 0 | |a Poder legislativo |9 258808 | |
| 650 | 0 | |a Administración pública |9 255343 | |
| 651 | 7 | |a CHILE |2 CL-VaPUC |9 382806 | |
| 583 | |a last modification |c 20190823 16:56:57 |k Rodrigo Vera | ||
| 999 | |c 258166 |d 258164 | ||
| 952 | |0 0 |1 0 |2 ddc |4 0 |6 342_830000000000000_SEC_1979 |7 0 |8 A |9 282025 |a BIBDER |b BIBDER |d 2019-11-19 |i 1830244 |o 342.83 SEC 1979 |p 1830244 |r 2023-01-25 |w 2019-11-19 |y MX |k DER | ||
| 952 | |0 0 |1 0 |2 ddc |4 0 |6 342_830000000000000_SEC_1979 |7 0 |8 A |9 282026 |a BIBDER |b BIBDER |d 2019-11-19 |i 1830279 |o 342.83 SEC 1979 |p 1830279 |r 2023-01-25 |w 2019-11-19 |y MX |k DER | ||